MARC

LEADER 00000nam0a2200000 4500
001 102895
005 20231101214443.0
020 |a RU  |b 82-75331 
035 |a (RuTPU)RU\TPU\book\110940 
090 |a 102895 
100 |a 20061009d1982 km y0rusy5003 ca 
101 0 |a rus 
102 |a RU 
105 |a a z 001zy 
200 1 |a Вулканы  |f В. А. Апродов 
210 |a Москва  |c Мысль  |d 1982 
215 |a 361,[6] с.  |c ил., карт. 
225 1 |a Природа мира 
320 |a Библиогр.: с. 342-348. 
320 |a Указатель: с. 349-361. 
606 |a Вулканы  |2 stltpush  |3 (RuTPU)RU\TPU\subj\3827  |9 32174 
610 1 |a классификация 
610 1 |a география 
610 1 |a полезные ископаемые 
675 |a 551.21  |v 3 
700 1 |a Апродов  |b В. А.  |g Владимир Александрович  |4 070 
801 0 |a RU  |b RuMRKP  |c 19950704  |g psbo 
801 1 |a RU  |b 63413507  |c 20061009  |g PSBO 
801 2 |a RU  |b 63413507  |c 20171226  |g PSBO 
942 |c BK